Significant Regions of Brazilian Diaspora - Statistics

General Stats
  • This quiz has been taken 26 times
  • The average score is 24 of 28
Answer Stats
Overseas Brazilians Country % Correct
101,502 Argentina
100%
95,000 France
100%
159,000 Italy
100%
32,700 Mexico
100%
513,000 Portugal
100%
161,944 Spain
100%
230,000 United Kingdom
100%
2,085,000 United States
100%
48,180 Australia
96%
143,500 Canada
96%
11,500 Venezuela
96%
50,000 Belgium
91%
19,500 Chile
91%
210,471 Japan
91%
80,000 Netherlands
91%
263,200 Paraguay
91%
31,050 Uruguay
91%
170,400 Germany
83%
30,000 Suriname
83%
11,000 Norway
74%
20,000 Sweden
74%
80,000 Ireland
70%
64,000 Switzerland
70%
25,000 Angola
65%
75,500 Bolivia
65%
11,900 Guyana
65%
14,000 Israel
43%
22,000 Lebanon
43%
No matching quizzes found
Score Distribution
Percent of People with Each Score
Percentile by Number Answered
Your Score History
You have not taken this quiz